Las historias de la abeja Trahamunda / (Registro nro. 9072)

Detalles MARC
000 -LEADER
fixed length control field 00795nam a22002537a 4500
001 - CONTROL NUMBER
control field 00260
003 - CONTROL NUMBER IDENTIFIER
control field DO-SdBNP
005 - DATE AND TIME OF LATEST TRANSACTION
control field 20180207105940.0
008 - FIXED-LENGTH DATA ELEMENTS--GENERAL INFORMATION
fixed length control field 151209b 1990 sp ||||| |||| 00| 0 spa d
020 ## - INTERNATIONAL STANDARD BOOK NUMBER
International Standard Book Number 8424159969
040 ## - CATALOGING SOURCE
Original cataloging agency BPMSU
Language of cataloging spa
Transcribing agency BPMSU
100 1# - MAIN ENTRY--PERSONAL NAME
Personal name Iglesias de Souza, Luis
245 10 - TITLE STATEMENT
Title Las historias de la abeja Trahamunda /
Statement of responsibility, etc. Luis Iglesias de Souza ; ilustrado por Enrique Ibáñez Clemente.
260 ## - PUBLICATION, DISTRIBUTION, ETC. (IMPRINT)
Place of publication, distribution, etc. Madrid :
Name of publisher, distributor, etc. Everest,
Date of publication, distribution, etc. 1990.
300 ## - PHYSICAL DESCRIPTION
Extent 250 p. :
Other physical details il. ;
Dimensions 18 cm.
490 1# - SERIES STATEMENT
Series statement La torre y la flor
Volume/sequential designation 46
490 1# - SERIES STATEMENT
Series statement Un cuento todos los días
700 12 - ADDED ENTRY--PERSONAL NAME
Personal name Ibáñez Clemente, Enrique,
Relator term 1938-
830 #0 - SERIES ADDED ENTRY--UNIFORM TITLE
Uniform title La torre y la flor
Number of part/section of a work 46
830 #0 - SERIES ADDED ENTRY--UNIFORM TITLE
Uniform title Un cuento todos los días
942 ## - ADDED ENTRY ELEMENTS (KOHA)
Source of classification or shelving scheme Dewey Decimal Classification
Koha item type Libros
945 ## - LOCAL PROCESSING INFORMATION (OCLC)
a Inventariado, 2018 / LP
956 ## - LOCAL ELECTRONIC LOCATION AND ACCESS (OCLC)
Host name LOPEREZ
Access number 10
Existencias
Withdrawn status Lost status Source of classification or shelving scheme Damaged status Not for loan Collection code Home library Current library Date acquired Source of acquisition Total Checkouts Barcode Date last seen Price effective from Koha item type
    Dewey Decimal Classification     Colección General Biblioteca Pública Metropolitana Salomé Ureña Biblioteca Pública Metropolitana Salomé Ureña 12/09/2015 Donación   BPMSU15120106 12/09/2015 12/09/2015 Libros